| 000 | 00757nam a22002177a 4500 | ||
|---|---|---|---|
| 999 |
_c10118 _d10118 |
||
| 001 | 10118 | ||
| 003 | BD-JhCC | ||
| 005 | 20180523111512.0 | ||
| 008 | 180418b1991 bg ||||| |||| 00| 0 ben d | ||
| 035 | _a(BD-JhCC)10118 | ||
| 040 |
_aBD-JhCC _dBD-JhCC |
||
| 041 | _aben | ||
| 082 |
_a891.4409 _bRAH 1991 |
||
| 100 | _aরহমান, শেখ আতাউর | ||
| 245 |
_aবাংলা কথাসাহিত্য : মুসলিম চরিত্র পরিবার ও সমাজ (১৮৫৮-১৯৩৮) / _cশেখ আতাউর রহমান |
||
| 260 |
_aঢাকা : _bবাংলা একাডেমী _c1991. |
||
| 300 |
_a647 p. : _c20 cm. |
||
| 650 | _aBengali Literature | ||
| 942 |
_2ddc _cBK |
||